Teori-teori kesihatan mental (Record no. 571)

000 -LEADER
fixed length control field nam a22 a 4500
005 - DATE AND TIME OF LATEST TRANSACTION
control field 20170504114824.0
008 - FIXED-LENGTH DATA ELEMENTS--GENERAL INFORMATION
fixed length control field 170504s1983 my ||||| |||| 00| 0 MAY d
040 ## - CATALOGING SOURCE
Original cataloging agency AKMAL
082 ## - DEWEY DECIMAL CLASSIFICATION NUMBER
Edition number 22
Classification number 155.7 LAN
090 ## - LOCALLY ASSIGNED LC-TYPE CALL NUMBER (OCLC); LOCAL CALL NUMBER (RLIN)
Classification number (OCLC) (R) ; Classification number, CALL (RLIN) (NR) 155.7
Local cutter number (OCLC) ; Book number/undivided call number, CALL (RLIN) LAN
100 ## - MAIN ENTRY--PERSONAL NAME
Personal name Hasan Langgulung
9 (RLIN) 1267
245 ## - TITLE STATEMENT
Title Teori-teori kesihatan mental
Remainder of title perbandingan psikologi moden dan pendekatan pakar pakar pendidikan Islam /
Statement of responsibility, etc. oleh Dr. Hassan Langgulung
260 ## - PUBLICATION, DISTRIBUTION, ETC.
Place of publication, distribution, etc. Kajang
Name of publisher, distributor, etc. Penerbitan Pustaka Huda
Date of publication, distribution, etc. 1983
300 ## - PHYSICAL DESCRIPTION
Extent 360ms.
Dimensions 22cm
599 ## - LOCAL NOTE
Local Note DALAM PROSES
650 ## - SUBJECT ADDED ENTRY--TOPICAL TERM
Topical term or geographic name entry element Islam
General subdivision Psychology
9 (RLIN) 1268
942 ## - ADDED ENTRY ELEMENTS (KOHA)
Source of classification or shelving scheme
Koha item type Book
Holdings
Withdrawn status Lost status Source of classification or shelving scheme Damaged status Not for loan Collection code Home library Current library Shelving location Date acquired Inventory number Total Checkouts Full call number Barcode Date last seen Price effective from Koha item type
          NON-FICTION AKMAL Melaka AKMAL Melaka PINJAMAN 04.05.2017 100105   155.7 LAN 201701473 04.05.2017 04.05.2017 Book
Pusat Sumber Maklumat Dato' Haji Sarmin Md Hussin, Akademi Kastam Diraja Malaysia, Melaka
Tel: 06-2331106 | Faks: 06-2313787